000 00726cam a2200205 4500
001 WB3605-14
008 000000n2000 000 0 eng u
035 _a(Sirsi) u103951
245 _aHQ usurps Regus in $1bn serviced office merger
260 _c2000
490 _aEstates Gazette
_v (0004) 29 January 2000, 51(1)
520 _aRegus is about to be replaced as the world's largest provider of serviced offices, as HQ Global Workplaces is set to merge with Frontline Capital Group's serviced office arm.
590 _aWB
650 _aSERVICED OFFICES
650 _aREGUS
650 _aHQ GLOBAL WORKPLACES
650 _aMERGERS
690 _aPROPERTY-COMMERCIAL PROPERTY-COMMERCIAL PROPERTY MARKET
942 _n0
999 _c62387
_d62387